| 000 | 01111cam a22003255a 4500 | ||
|---|---|---|---|
| 001 | 13057781 | ||
| 003 | LC | ||
| 005 | 20160223100739.0 | ||
| 008 | 030115s2003 nyu 000 0 eng | ||
| 010 | _a 2003100585 | ||
| 020 | _a9780141024448 | ||
| 035 | _a(DLC) 2003100585 | ||
| 040 |
_aDLC _cDLC _dDLC |
||
| 042 | _apcc | ||
| 050 |
_aPR 5397 _b.Sh545 2006 |
||
| 082 |
_aFIC _bSh3f 2006 |
||
| 100 | 1 |
_aShelley, Mary. _94045 |
|
| 245 | 1 | 0 |
_aFrankenstein : _cMary Shelley _bor the modern prometheus |
| 260 |
_aNew York : _bPenguin books, _cc2006. |
||
| 263 | _a0304 | ||
| 300 |
_a278 p. : _c18 cm. |
||
| 650 |
_aFrankenstein (Fictitious character). _92808 |
||
| 856 | 4 | 2 |
_3Publisher description _uhttp://www.loc.gov/catdir/description/ste051/2003100585.html |
| 856 | 4 | 2 |
_3Contributor biographical information _uhttp://www.loc.gov/catdir/enhancements/fy0711/2003100585-b.html |
| 856 | 4 | 1 |
_3Sample text _uhttp://www.loc.gov/catdir/enhancements/fy0711/2003100585-s.html |
| 906 |
_a0 _bibc _corignew _d2 _eepcn _f20 _gy-gencatlg |
||
| 942 |
_2lcc _cBK |
||
| 999 |
_c11164 _d11164 |
||